| 000 | 00442nam a22001817a 4500 | ||
|---|---|---|---|
| 005 | 20230724114006.0 | ||
| 008 | 230724b |||||||| |||| 00| 0 eng d | ||
| 020 | _a9780844220833 | ||
| 082 |
_a746.46 _bKOU-Q |
||
| 100 | _aKOUGH;LYNN G. | ||
| 245 | _aQuiltmaking for Beginners | ||
| 260 |
_aHong Kong _bDigest Press _c2000 |
||
| 300 | _a144 | ||
| 500 | _ainclude index | ||
| 650 | _aarchitecture | ||
| 700 | _aLYNN G.KOUGH | ||
| 999 |
_c33133 _d33133 |
||